Second Most Popular Language by Country - Statistics

General Stats
  • This quiz has been taken 130 times
  • The average score is 8 of 15
Answer Stats
Hint Answer % Correct
Turkey Kurdish
75%
Georgia Russian
73%
India Bengali
68%
Russia Tatar
63%
Belize Spanish
60%
Pakistan Pashto
55%
South Africa Xhosa
55%
Lebanon French
53%
Ireland Gaelic
50%
Mexico Nahuatl
50%
Portugal English
38%
Nepal Maithili
38%
Guatemala K'iche'
35%
Monaco Ligurian
35%
Brazil German
30%
No matching quizzes found
Score Distribution
Percent of People with Each Score
Percentile by Number Answered
Your Score History
You have not taken this quiz